Yu-Gi-Oh GX Quiz - Statistics

General Stats
  • This quiz has been taken 1,185 times
    1,184 since last reset
  • The average score is 15 of 25
Answer Stats
Hint Answer % Correct
Who is the main character? Jaden Yuki
94%
How many Sacred Beasts are there? 3
85%
How many Ojamas are there? 3
85%
What dorm is he in? Slifer Red
83%
What gender is Crowler? male
82%
What dorm is Bastion in? Ra Yellow
81%
How old is Jaden Yuki? 15
77%
What dorm is Zane in? Obelisk Blue
77%
What color hair does Zane have? Blue
76%
How many cards make up a deck? 40
74%
Chazz ____ Princeton
72%
Zane ____ Truesdale
71%
How many shadow riders are there? 5
66%
What color is Crowler's lipstick? purple
66%
Alexis ____ Rhodes
66%
Who is Jaden's best friend? Syrus Truesdale
61%
Bastion _____ Misawa
57%
Jaden's duel spirit winged kuriboh
56%
What school do they all go to? Duel Academy
53%
Chazz's catchphrase Chazz it up!
51%
Who built the school? Seto Kaiba
51%
Obelisk with a southern accent Jesse Anderson
20%
Ra with an australian accent Jim Cook
15%
Chazz's brothers Slade and Jagger
12%
What other acadamy participates in the school duel? North Acadamy
9%
No matching quizzes found
Score Distribution
Percent of People with Each Score
Percentile by Number Answered
Your Score History
You have not taken this quiz since the last reset